00305nam a2200109Ia 4500008004100000041000800041082001400049100001900063245004400082260003800126300003100164240624s9999 xx 000 0 und d aeng a332.6 BOL aBOLTON ANTHONY aINVESTING AGAINST THE TIDE LESSONS FROM c2010aNew DelhibFT Prentice Hall axvi, : 220 : p. : cm. ; 21